[Event "Unterfranken-ch HB 53th"]
[Site "Wuerzburg"]
[Date "2002.??.??"]
[Round "6"]
[White "Schwarzenbrunner, Klaus"]
[Black "Wendt, Oskar"]
[Result "1-0"]
[WhiteElo "1806"]
[BlackElo "1540"]
[PlyCount "60"]
[EventDate "2002.04.01"]
[EventType "swiss"]
[EventRounds "9"]
[EventCountry "GER"]
[SourceTitle "EXT 2015"]
[Source "ChessBase"]
[SourceDate "2014.11.20"]
[SourceVersion "1"]
[SourceVersionDate "2014.11.20"]
[SourceQuality "1"]

1. d4 d6 2. c4 Nf6 3. Nc3 g6 4. e4 Bg7 5. Be2 0-0 6. Bg5 Nbd7 7. Qd2 Ne8 8. h4 f6 9. Bh6 c6 10. Nf3 Qc7 11. Bxg7 Nxg7 12. 0-0-0 a6 13. h5 g5 14. Nxg5 fxg5 15. Qxg5 Kh8 16. e5 Rg8 17. Bd3 Nf8 18. exd6 exd6 19. Ne4 Nge6 20. Qf6+ Qg7 21. d5 Ng5 22. h6 Qxf6 23. Nxf6 c5 24. Rde1 Bd7 25. Re7 Rd8 26. f4 Ng6 27. Bxg6 Rxg6 28. fxg5 Rxf6 29. gxf6 Bf5 30. f7 Bg6 1-0

[Event "Unterfranken-ch HB 53th"]
[Site "Wuerzburg"]
[Date "2002.??.??"]
[Round "8"]
[White "Voelker, Joachim"]
[Black "Wendt, Oskar"]
[Result "1-0"]
[WhiteElo "1616"]
[BlackElo "1540"]
[PlyCount "44"]
[EventDate "2002.04.01"]
[EventType "swiss"]
[EventRounds "9"]
[EventCountry "GER"]
[SourceTitle "EXT 2015"]
[Source "ChessBase"]
[SourceDate "2014.11.20"]
[SourceVersion "1"]
[SourceVersionDate "2014.11.20"]
[SourceQuality "1"]

1. e4 d6 2. d4 Nf6 3. Nc3 g6 4. Bg5 Bg7 5. f4 0-0 6. Bd3 c5 7. dxc5 Nc6 8. cxd6 Qxd6 9. Nge2 Nh5 10. Qd2 h6 11. Bh4 Bg4 12. 0-0-0 Bxe2 13. Nxe2 Nd4 14. Rhf1 Rfc8 15. Kb1 Qb6 16. Bf2 Qd6 17. e5 Bxe5 18. fxe5 Qxe5 19. Bxd4 Qg5 20. Qxg5 hxg5 21. g4 Ng7 22. Be3 Ne6 1-0

[Event "Unterfranken-ch HT 52th"]
[Site "Massbach"]
[Date "2001.04.16"]
[Round "1"]
[White "Wendt, Oskar"]
[Black "Schnellbach, Heinrich"]
[Result "1-0"]
[WhiteElo "1566"]
[BlackElo "1363"]
[PlyCount "99"]
[EventDate "2001.04.16"]
[EventType "swiss"]
[EventRounds "9"]
[EventCountry "GER"]
[SourceTitle "EXT 2015"]
[Source "ChessBase"]
[SourceDate "2014.11.20"]
[SourceVersion "1"]
[SourceVersionDate "2014.11.20"]
[SourceQuality "1"]

1. c4 e5 2. Nc3 Nf6 3. Nf3 Nc6 4. g3 Bc5 5. Bg2 d6 6. 0-0 0-0 7. Na4 Bb6 8. d3 Nd4 9. Nxb6 Nxf3+ 10. Bxf3 axb6 11. Bg2 c6 12. b3 Qc7 13. Bb2 Be6 14. d4 exd4 15. Bxd4 Nd7 16. Qc2 Ne5 17. f4 Ng4 18. f5 Bd7 19. Qc3 Ne5 20. b4 Rfe8 21. Rf4 f6 22. Qb3 Kh8 23. c5 bxc5 24. bxc5 d5 25. a4 Re7 26. Qb4 Nc4 27. Kf2 Be8 28. e3 Qa5 29. Qxa5 Rxa5 30. Bf1 Ne5 31. Bc3 Ra7 32. a5 Nc4 33. Bxc4 dxc4 34. Rxc4 Bh5 35. g4 Bf7 36. Rd4 Bd5 37. h4 h6 38. Rf4 Kh7 39. g5 hxg5 40. hxg5 fxg5 41. Rg4 Kh6 42. Rag1 Rf7 43. Rxg5 b6 44. cxb6 Rab7 45. Rg6+ Kh7 46. R1g5 Be4 47. Rh5+ Kg8 48. Rgg5 c5 49. Kg3 g6 50. Rh8# 1-0

[Event "Unterfranken-ch HT 52th"]
[Site "Massbach"]
[Date "2001.??.??"]
[Round "?"]
[White "Wendt, Oskar"]
[Black "Merkel, Michael"]
[Result "0-1"]
[WhiteElo "1566"]
[BlackElo "1475"]
[PlyCount "76"]
[EventDate "2001.04.16"]
[EventType "swiss"]
[EventRounds "9"]
[EventCountry "GER"]
[SourceTitle "EXT 2015"]
[Source "ChessBase"]
[SourceDate "2014.11.20"]
[SourceVersion "1"]
[SourceVersionDate "2014.11.20"]
[SourceQuality "1"]

1. c4 Nf6 2. Nf3 e6 3. Nc3 d5 4. e3 c5 5. d4 Nc6 6. Qa4 Qa5 7. Qb3 cxd4 8. exd4 Ne4 9. cxd5 exd5 10. Qxd5 Nxc3 11. Qxa5 Nxa5 12. bxc3 Be7 13. Bb5+ Bd7 14. Bxd7+ Kxd7 15. Ne5+ Ke8 16. Rb1 f6 17. Nd3 Kf7 18. 0-0 Rac8 19. Bd2 Nc4 20. Be1 b6 21. Nb4 Rhd8 22. g3 Nd6 23. f3 Nf5 24. Kf2 b5 25. Rd1 Rc4 26. d5 Bc5+ 27. Ke2 Ne3 28. Nc6 Rd7 29. Bf2 Nxd1 30. Rxd1 Rxc3 31. Rd2 Bxf2 32. Kxf2 Rxc6 33. Ke3 Rc3+ 34. Ke4 Re7+ 35. Kd4 Rxf3 36. d6 Rd7 37. Kd5 Ke8 38. Rd4 Rf5+ 0-1

[Event "Unterfranken-ch HT 52th"]
[Site "Massbach"]
[Date "2001.??.??"]
[Round "?"]
[White "Ziegler, Johannes"]
[Black "Wendt, Oskar"]
[Result "1/2-1/2"]
[WhiteElo "1378"]
[BlackElo "1566"]
[PlyCount "159"]
[EventDate "2001.04.16"]
[EventType "swiss"]
[EventRounds "9"]
[EventCountry "GER"]
[SourceTitle "EXT 2015"]
[Source "ChessBase"]
[SourceDate "2014.11.20"]
[SourceVersion "1"]
[SourceVersionDate "2014.11.20"]
[SourceQuality "1"]

1. c4 Nf6 2. Nc3 d6 3. g3 g6 4. Bg2 Bg7 5. e3 0-0 6. Nge2 c6 7. 0-0 Bg4 8. h3 Bf5 9. d4 Qd7 10. Kh2 Re8 11. e4 Be6 12. d5 cxd5 13. cxd5 Nxd5 14. Nxd5 Nc6 15. Nef4 Ne5 16. Qb3 Rac8 17. Be3 b6 18. Rac1 Kh8 19. Rfd1 h6 20. Bf1 Rxc1 21. Rxc1 g5 22. Bb5 Qd8 23. Nxe6 fxe6 24. Bxe8 Qxe8 25. Nc3 Qf7 26. Qd1 Qg6 27. Bd4 Qf7 28. Kg2 Nc4 29. Bxg7+ Kxg7 30. b3 Ne5 31. Na4 h5 32. Rc7 g4 33. h4 b5 34. Nc3 a6 35. Ra7 Qf6 36. Rxa6 b4 37. Na4 Nf3 38. Rb6 Nxh4+ 39. gxh4 Qxh4 40. Qh1 Qf6 41. Qxh5 Qf3+ 42. Kg1 Qd1+ 43. Kh2 g3+ 44. Kxg3 Qxh5 45. Rxb4 Qg5+ 46. Kf3 Qd2 47. a3 e5 48. Nb6 Kf7 49. Nd5 Qd1+ 50. Kg3 Qc1 51. a4 Qc8 52. Rb5 Qg8+ 53. Kf3 Qh7 54. Rb7 Qh3+ 55. Ke2 Qg4+ 56. Ke3 Qh3+ 57. f3 Qh6+ 58. Kd3 Qh1 59. Rxe7+ Kf8 60. Rd7 Qd1+ 61. Kc4 Qd4+ 62. Kb5 Qc5+ 63. Ka6 Qc6+ 64. Nb6 Qc3 65. Rxd6 Qxf3 66. b4 Qxe4 67. Re6 Qe2+ 68. b5 e4 69. a5 Kf7 70. Nd5 Qc4 71. Re5 Qc8+ 72. Ka7 Qd7+ 73. Kb6 Qd6+ 74. Ka7 Qxe5 75. b6 Qxd5 76. a6 Qd4 77. Kb7 e3 78. a7 Qa4 79. a8Q Qxa8+ 80. Kxa8 1/2-1/2

[Event "Unterfranken-ch HA 48th"]
[Site "Bergrheinfeld"]
[Date "1997.??.??"]
[Round "5"]
[White "Neuburger, Eduard"]
[Black "Wendt, Oskar"]
[Result "0-1"]
[WhiteElo "1606"]
[BlackElo "1550"]
[PlyCount "98"]
[EventDate "1997.03.31"]
[EventType "swiss"]
[EventRounds "9"]
[EventCountry "GER"]
[SourceTitle "EXT 2015"]
[Source "ChessBase"]
[SourceDate "2014.11.20"]
[SourceVersion "1"]
[SourceVersionDate "2014.11.20"]
[SourceQuality "1"]

1. d4 d6 2. c4 Nf6 3. Nc3 g6 4. e4 Bg7 5. f3 0-0 6. Be3 Nc6 7. Qd2 e5 8. d5 Na5 9. b4 c5 10. bxa5 Qxa5 11. Nb5 Qd8 12. Bh6 Bxh6 13. Qxh6 Nh5 14. Qd2 a6 15. Nc3 f5 16. exf5 Bxf5 17. g4 Bxg4 18. fxg4 Qh4+ 19. Kd1 Rxf1+ 20. Kc2 Rxa1 21. gxh5 Rf8 22. Kb3 Qxh5 23. Nce2 Qf5 24. Ng3 Rb1+ 25. Kc3 Qd7 26. N1e2 Rf3+ 27. Kc2 Rxh1 28. Nxh1 Qa4+ 29. Kb1 Rf1+ 30. Kb2 Rxh1 31. Nc3 Qb4+ 32. Kc2 Qxc4 33. Qg2 Rf1 34. h4 Rf4 35. h5 Rg4 36. Qh3 b5 37. hxg6 hxg6 38. Kb2 b4 39. Na4 Qd4+ 40. Kb3 Qxd5+ 41. Kb2 Qg2+ 42. Qxg2 Rxg2+ 43. Kb3 e4 44. Nb2 a5 45. Nd1 Rg3+ 46. Kc2 a4 47. Kd2 e3+ 48. Kd3 c4+ 49. Ke2 a3 0-1

[Event "Unterfranken-ch HA 48th"]
[Site "Bergrheinfeld"]
[Date "1997.??.??"]
[Round "3"]
[White "Riedl, Matthias"]
[Black "Wendt, Oskar"]
[Result "0-1"]
[WhiteElo "1407"]
[BlackElo "1550"]
[PlyCount "76"]
[EventDate "1997.03.31"]
[EventType "swiss"]
[EventRounds "9"]
[EventCountry "GER"]
[SourceTitle "EXT 2015"]
[Source "ChessBase"]
[SourceDate "2014.11.20"]
[SourceVersion "1"]
[SourceVersionDate "2014.11.20"]
[SourceQuality "1"]

1. d4 Nf6 2. Nf3 g6 3. c4 d6 4. Bg5 Bg7 5. Nc3 h6 6. Bh4 g5 7. Bg3 0-0 8. h3 Nbd7 9. e3 c5 10. d5 Qa5 11. Qa4 Qb6 12. Qb5 Qc7 13. Bd3 a6 14. Qb3 Nb6 15. Rd1 Nh5 16. Bh2 f5 17. Bb1 Bd7 18. a4 Rae8 19. Qc2 Nxc4 20. b3 Na3 21. Qd3 Qa5 22. Kd2 Nxb1+ 23. Rxb1 Nf6 24. Ke2 b5 25. Nd2 Qb4 26. axb5 axb5 27. Ra1 c4 28. bxc4 Rc8 29. Nxb5 Ne4 30. Nxe4 Bxa1 31. Nbxd6 fxe4 32. Qxe4 Qb2+ 33. Kd3 exd6 34. Qg6+ Qg7 35. Qxd6 Bf5+ 36. e4 Qd4+ 37. Ke2 Qxe4+ 38. Kd2 Qd3+ 0-1

[Event "Unterfranken-ch HA 48th"]
[Site "Bergrheinfeld"]
[Date "1997.??.??"]
[Round "2"]
[White "Wendt, Oskar"]
[Black "Bir, Thorsten"]
[Result "1/2-1/2"]
[WhiteElo "1550"]
[BlackElo "1535"]
[PlyCount "100"]
[EventDate "1997.03.31"]
[EventType "swiss"]
[EventRounds "9"]
[EventCountry "GER"]
[SourceTitle "EXT 2015"]
[Source "ChessBase"]
[SourceDate "2014.11.20"]
[SourceVersion "1"]
[SourceVersionDate "2014.11.20"]
[SourceQuality "1"]

1. e4 g6 2. c4 Bg7 3. Nc3 e6 4. d4 Ne7 5. Nf3 b6 6. Be2 Bb7 7. 0-0 0-0 8. Be3 d6 9. Qd2 Nd7 10. d5 exd5 11. cxd5 a6 12. Bh6 Re8 13. Bxg7 Kxg7 14. Rac1 Nf6 15. Rc2 c6 16. dxc6 Nxc6 17. Bd3 Nb4 18. Rcc1 Nxd3 19. Qxd3 Nxe4 20. Nxe4 Bxe4 21. Qd4+ Kg8 22. Rc3 Bxf3 23. Rxf3 Re6 24. h3 b5 25. Qf4 Qe7 26. Rc1 Re1+ 27. Rxe1 Qxe1+ 28. Kh2 Qe5 29. Kg3 Rc8 30. Re3 Qxf4+ 31. Kxf4 Rc2 32. Kf3 Rxb2 33. Ra3 Kf8 34. Rxa6 Ke7 35. g4 Ke6 36. h4 h6 37. Kg3 Rc2 38. a4 bxa4 39. Rxa4 Rc3+ 40. f3 d5 41. Ra8 Ke5 42. h5 gxh5 43. gxh5 d4 44. Ra5+ Kd6 45. Ra7 d3 46. Kf2 Rc5 47. Rxf7 Rxh5 48. Ke3 Rd5 49. Kd2 Kc5 50. Rc7+ Kd6 1/2-1/2

[Event "Unterfranken-ch HA 48th"]
[Site "Bergrheinfeld"]
[Date "1997.??.??"]
[Round "6"]
[White "Wendt, Oskar"]
[Black "Hinterleitner, Gerhard"]
[Result "1/2-1/2"]
[WhiteElo "1550"]
[BlackElo "1875"]
[PlyCount "56"]
[EventDate "1997.03.31"]
[EventType "swiss"]
[EventRounds "9"]
[EventCountry "GER"]
[SourceTitle "EXT 2015"]
[Source "ChessBase"]
[SourceDate "2014.11.20"]
[SourceVersion "1"]
[SourceVersionDate "2014.11.20"]
[SourceQuality "1"]

1. e4 c5 2. c4 Nc6 3. Nf3 d6 4. h3 g6 5. d3 Bg7 6. Nc3 e6 7. Bf4 a6 8. Qd2 Nge7 9. Be2 0-0 10. Bh6 d5 11. Bxg7 Kxg7 12. cxd5 exd5 13. 0-0 dxe4 14. Nxe4 b6 15. Qc3+ f6 16. Rfe1 Nd5 17. Qd2 Bb7 18. a3 Re8 19. Nc3 Qd6 20. Ne4 Qd7 21. Bd1 f5 22. Nc3 Rxe1+ 23. Nxe1 Nxc3 24. Qxc3+ Qd4 25. Nf3 Qxc3 26. bxc3 Rd8 27. Bc2 Kf6 28. Re1 b5 1/2-1/2

[Event "Unterfranken-ch HA 48th"]
[Site "Bergrheinfeld"]
[Date "1997.??.??"]
[Round "1"]
[White "Wengerter, Bernd"]
[Black "Wendt, Oskar"]
[Result "1-0"]
[WhiteElo "1755"]
[BlackElo "1550"]
[PlyCount "55"]
[EventDate "1997.03.31"]
[EventType "swiss"]
[EventRounds "9"]
[EventCountry "GER"]
[SourceTitle "EXT 2015"]
[Source "ChessBase"]
[SourceDate "2014.11.20"]
[SourceVersion "1"]
[SourceVersionDate "2014.11.20"]
[SourceQuality "1"]

1. d4 d6 2. c4 Nf6 3. Nc3 g6 4. e4 Bg7 5. f4 0-0 6. Nf3 c5 7. d5 Bg4 8. Be2 Bxf3 9. Bxf3 Nfd7 10. 0-0 Nb6 11. Qe2 Na6 12. e5 Qc7 13. Nb5 Qd8 14. Bd2 Nc7 15. a4 f6 16. e6 Nxb5 17. axb5 Qb8 18. f5 g5 19. Bh5 a6 20. Bf7+ Kh8 21. bxa6 Rxa6 22. Rxa6 bxa6 23. Rf3 Nc8 24. Rh3 h6 25. Rxh6+ Bxh6 26. Qh5 Rxf7 27. exf7 Kg7 28. Qg6+ 1-0